| 000 | 00861nam a2200241 a 4500 | ||
|---|---|---|---|
| 005 | 20210223124638.0 | ||
| 008 | 020712s2001 es r 000 0 spa d | ||
| 020 | _a8477388873 | ||
| 035 | _aUPN01000118091 | ||
| 049 | _aCG | ||
| 050 | 4 |
_aGV363 _bB3.7 |
|
| 245 | 0 | 0 |
_aBases educativas de la actividad física y el deporte / _ccoord . Benilde Vázquez Gómez ; Oleguer Camerino Foguet ... [et al.]. |
| 260 |
_aMadrid. : _bSíntesis, _c2001. |
||
| 300 | _a398 p. | ||
| 440 | 0 |
_aEnseñanza y bases educativas ; _v1 |
|
| 590 | _a(También localizas un ejemplar en el "Area de Reserva") | ||
| 590 | _aBibliografía Básica (BGTQ) | ||
| 650 | 4 |
_aEDUCACION FISICA - _xESTUDIO Y ENSEÑANZA - _zESPAÑA _917135 |
|
| 650 | 4 | _aRECREACION AL AIRE LIBRE | |
| 700 | 1 |
_aCamerino Foguet, Oleguer, _ecoaut. |
|
| 700 | 1 |
_aVázquez Gómez, Benilde, _ecomp. |
|
| 905 | _aLibro | ||
| 999 |
_c90481 _d90481 |
||